000 00641nam a2200169Ia 4500
008 090711s9999 xx 000 0 und d
082 _b53375
100 _aजायस्वाल जयनारायण
245 _aनिर्दोष माँलिश िSाकित्सा
260 _c1985
300 _a130
600 _aजायस्वाल जयनारायण
630 _aनिर्दोष माँलिश िSाकित्सा
700 _aजायस्वाल जयनारायण
730 _aनिर्दोष माँलिश िSाकित्सा
942 _cBOOK
999 _c312025
_d312025